Iskolaigazgatók értékelése itthon és külföldön
A hazai iskolavezetők munkájának értékelésével kapcsolatos hiányosságok bemutatása, valamint az egyesült államokbeli és angliai vezetőértékelés jellemzőinek áttekintése mellett néhány következtetést is megfogalmazunk arra vonatkozóan, hogyan lenne alkalmazható számunkra a rendelkezésre álló nemzetkö...
Elmentve itt :
| Szerző: | |
|---|---|
| Dokumentumtípus: | Cikk |
| Megjelent: |
2006
|
| Sorozat: | Iskolakultúra
16 No. 6 |
| Online Access: | http://misc.bibl.u-szeged.hu/41199 |
| LEADER | 00943nab a2200181 i 4500 | ||
|---|---|---|---|
| 001 | misc41199 | ||
| 005 | 20191106140708.0 | ||
| 008 | 180709s2006 hu o 0|| zxx d | ||
| 022 | |a 1215-5233 | ||
| 040 | |a SZTE Miscellanea Repozitórium |b hun | ||
| 041 | |a zxx | ||
| 100 | 1 | |a Kinyó László | |
| 245 | 1 | 0 | |a Iskolaigazgatók értékelése itthon és külföldön |h [elektronikus dokumentum] / |c Kinyó László |
| 260 | |c 2006 | ||
| 300 | |a 70-79 | ||
| 490 | 0 | |a Iskolakultúra |v 16 No. 6 | |
| 520 | 3 | |a A hazai iskolavezetők munkájának értékelésével kapcsolatos hiányosságok bemutatása, valamint az egyesült államokbeli és angliai vezetőértékelés jellemzőinek áttekintése mellett néhány következtetést is megfogalmazunk arra vonatkozóan, hogyan lenne alkalmazható számunkra a rendelkezésre álló nemzetközi tapasztalat. | |
| 856 | 4 | 0 | |u http://misc.bibl.u-szeged.hu/41199/1/EPA00011_iskolakultura_2006_06_070-079.pdf |z Dokumentum-elérés |